| 000 | 00856nas a22002297a 4500 | ||
|---|---|---|---|
| 005 | 20260518113914.0 | ||
| 008 | 260518b20082010porau|p|r|||| 10| z por d | ||
| 040 | _cBR-ViAPE | ||
| 245 | _aEspetáculo | ||
| 260 |
_aVitória _bLIESES - Liga Espírito-Santense das Escolas de Samba _c2008-2010 |
||
| 300 |
_av. _bil. |
||
| 310 | _aAnual | ||
| 362 | _an. 1 (2008) - n. 3 (2010). | ||
| 500 | _aDisponibilizada apenas a imagem da capa na versão digital, em virtude de restrições de direitos autorais. | ||
| 500 | _aColeção incompleta: disponíveis apenas alguns números do periódico. | ||
| 650 |
_2Carnaval _xEscolas de Samba _xDesfile |
||
| 651 |
_aEspírito Santo (Brasil) _vPeriódicos |
||
| 700 |
_aOliveira, Jorge Carlos de _eDiretor |
||
| 710 | _aLIESES - Liga Espírito-Santense das Escolas de Samba | ||
| 942 |
_2ddc _cPER _n1 |
||
| 999 |
_c691 _d691 |
||